oxford reviews of reproductive biology (Record no. 17851)

MARC details
000 -LEADER
fixed length control field 00525nam a2200205 4500
005 - DATE AND TIME OF LATEST TRANSACTION
control field 20250402095110.0
006 - FIXED-LENGTH DATA ELEMENTS--ADDITIONAL MATERIAL CHARACTERISTICS--GENERAL INFORMATION
fixed length control field 000
007 - PHYSICAL DESCRIPTION FIXED FIELD--GENERAL INFORMATION
fixed length control field 000
008 - FIXED-LENGTH DATA ELEMENTS--GENERAL INFORMATION
fixed length control field 000
020 ## - INTERNATIONAL STANDARD BOOK NUMBER
International Standard Book Number 0198575394
040 ## - CATALOGING SOURCE
Original cataloging agency UOEL
050 ## - LIBRARY OF CONGRESS CALL NUMBER
Classification number QP251
Item number .O93 1984 vol. 6
245 ## - TITLE STATEMENT
Title oxford reviews of reproductive biology
Statement of responsibility, etc edited by Clarke J.R.
260 ## - PUBLICATION, DISTRIBUTION, ETC. (IMPRINT)
Place of publication, distribution, etc Britain:
Name of publisher, distributor, etc Clarendon Press. Oxford,
Date of publication, distribution, etc c1984.
300 ## - PHYSICAL DESCRIPTION
Extent vii, 348 p . :
Other physical details ill.
440 ## - SERIES STATEMENT/ADDED ENTRY--TITLE
Volume number/sequential designation Vol. 6
500 ## - GENERAL NOTE
General note include bibliographical reference and index
650 ## - SUBJECT ADDED ENTRY--TOPICAL TERM
Topical term or geographic name as entry element Biology
942 ## - ADDED ENTRY ELEMENTS (KOHA)
Source of classification or shelving scheme Library of Congress Classification
Item type BOOK
Holdings
Withdrawn status Lost status Source of classification or shelving scheme Damaged status Not for loan Home library Current library Shelving location Date acquired Total Checkouts Full call number Barcode Date last seen Copy number Price effective from Koha item type
    Library of Congress Classification     UOE Main Library UOE Main Library Open shelf 02/04/2025   QP251 .O93 1984 vol. 6 886195 27/04/2026 886195 02/04/2025 Loan - Normal on open shelf
    Library of Congress Classification     UOE Main Library UOE Main Library Open shelf 02/04/2025   QP251 .O93 1984 vol. 8 886198 27/04/2026 886198 02/04/2025 Loan - Normal on open shelf